书目信息 |
| 题名: |
明诗选注
|
|
| 作者: | 黄瑞云 选 ;徐柏青 注 | |
| 分册: | ||
| 出版信息: | 北京 中洲古籍出版社 1990.8 |
|
| 页数: | 346页 | |
| 开本: | 20cm | |
| 丛书名: | ||
| 单 册: | ||
| 中图分类: | I222.748 | |
| 科图分类: | ||
| 主题词: | 诗歌--中国 , 韵文--中国 | |
| 电子资源: | ||
| ISBN: | 7-5348-0166-4 | |
| 000 | 00594nam0 2200217 45 | |
| 001 | 0312221749 | |
| 005 | 20040418094805.1 | |
| 010 | @a7-5348-0166-4@dCNY5.20 | |
| 100 | @a20031222d1990 km y0chiy0120 ea | |
| 101 | @achi | |
| 105 | @a z 000yy | |
| 200 | 1 | @a明诗选注@AMing Shi Xuan Zhu@f黄瑞云选@FHuang Rui Yun Xuan@g徐柏青等注 |
| 210 | @a北京@c中洲古籍出版社@d1990.8 | |
| 215 | @a346页@d20cm | |
| 606 | 0 | @a诗歌@x中国 |
| 606 | 0 | @a韵文@x中国 |
| 690 | @aI222.748@v3 | |
| 701 | 0 | @a黄瑞云@4选 |
| 702 | 0 | @a徐柏青@AXu Bai Qing@4注 |
| 801 | @aCN@bTSTCL@c20031222 | |
| 905 | @dI222.748@e352 | |
| 明诗选注/黄瑞云选/徐柏青等注.-北京:中洲古籍出版社,1990.8 |
| 346页;20cm |
| ISBN 7-5348-0166-4:CNY5.20 |
| ● |
| 相关链接 |
|
|
|
|
正题名:明诗选注
索取号:I222.748/352
 
预约/预借
| 序号 | 登录号 | 条形码 | 馆藏地/架位号 | 状态 | 备注 |
| 1 | 0231732 | 000757256 | 第二借阅区/ [索取号:I222.748/352] | 在馆 | |
| 2 | 0231733 | 000757176 | 第二借阅区/ [索取号:I222.748/352] | 在馆 | |
| 3 | 0231734 | 000757292 | 第二借阅区/ [索取号:I222.748/352] | 在馆 | |
| 4 | 0231735 | 000757130 | 第二借阅区/ [索取号:I222.748/352] | 在馆 | |
| 5 | 0231736 | 000757210 | 第二借阅区/ [索取号:I222.748/352] | 在馆 | |
| 6 | 0231737 | 202080684 | 第一样本阅览室/ [索取号:I222.748/352] | 在馆 |